LEADER 01628nam a2200349 a 4500 001 000000092358 003 CaOOAMICUS 005 20150701133541.0 008 060607s2005 it ab u000 u ita r 035 $a11091763 040 $aPUL$bita 041 1 $aita$hfre 100 1 $aDemurger, Alain.$0(OLS)http://pul/name/59590 240 10$aVie et mort de l'Ordre du Temple.$lItaliano.$0(OLS)http://pul/title/119194 245 10$aVita e morte dell'Ordine dei Templari /$cAlain Demurger ; traduzione di Marina Sozzi. 260 $aMilano :$bMondadori, Biblioteca storica,$c2005. 300 $a358 p. :$bill., c. geogr. ;$c22 cm 490 1 $aBiblioteca storica. Il Medioevo ;$v3 500 $aEdizione speciale per "Il Giornale", pubblicata su licenza di Mondadori Libri, desunta dall'edizione del 2005, Garzanti Libri, Milano. 500 $aContiene indici. 504 $aContiene note bibliografiche. 610 24$aOrdine Equestre del Santo Sepolcro di Gerusalemme.$0(OLS)http://pul/subject/18709 830 0$aBiblioteca storica (Il Giornale)$p[Medioevo] ;$v3.$0(OLS)http://pul/title/131613 850 $aPUL 852 $aPUL$W1$xDP2 Filosofia 1$y62$m940.1 COLL 2.3$j116180$nBK-PRI$qDDC 21$B116180$CPULBib$Z2$F116180 $H101035 $82 941 1 $a8 960 $aTemplari$918709 960 $aCavalieri del Santo Sepolcro$918709 960 $aOrdine dei Templari$918709 960 $aMilitia Sancti Sepulchri$918709 996 $6245$aVita e morte dell'Ordine dei Templari$9(OLS)http://pul/title/119195 996 $6260$aMilano :$bMondadori, Biblioteca storica$9(OLS)http://pul/publisher/79096 LEADER 00912naa a2200229 u 4500 001 000000094541 003 CaOOAMICUS 005 20070226130139.0 008 040503s1979 be u000 u eng u 020 $a90-6186-089-X 035 $a10993075 040 $aIAR$bita 100 1 $aDronke, Peter.$0(OLS)http://pul/name/15797 245 14$aThe song of Songs and medieval love-lyric /$cPeter Dronke. 260 $aLeuven/Louvain :$bLeuven university press,$c1979. 300 $aS. 236-262, ;$c25 cm 650 4$aLetteratura medievale$xTemi, motivi.$0(OLS)http://pul/subject/8786 773 0 $aThe Bible and medieval culture. 773 0 $tThe Bible and medieval culture$w()4929 996 $6020$a90-6186-089-X$9(OLS)http://pul/number/6354 996 $6245$aThe song of Songs and medieval love-lyric$9(OLS)http://pul/title/121409 996 $6260$aLeuven/Louvain :$bLeuven university press$9(OLS)http://pul/publisher/50689